|
|
|
|
| LEADER |
01980nam a2200493 a 4500 |
| 001 |
000921645 |
| 003 |
CZ BrMZK |
| 005 |
20081127170549.0 |
| 007 |
ta |
| 008 |
081118s2008 pl f m 001 0 ger |
| 020 |
|
|
|a 978-83-232186-9-2
|q (brož.)
|
| 040 |
|
|
|a BOA001
|b cze
|
| 041 |
0 |
|
|a ger
|b eng
|b pol
|
| 045 |
|
|
|a x-x-
|
| 072 |
|
7 |
|a 821.112.2.09
|x Německá literatura, německy psaná (o ní)
|2 Konspekt
|9 11
|
| 072 |
|
7 |
|a 37.016
|x Učební osnovy. Vyučovací předměty. Učebnice
|2 Konspekt
|9 22
|
| 080 |
|
|
|a 821.112.2(436)
|2 MRF
|
| 080 |
|
|
|a 329.17
|2 MRF
|
| 080 |
|
|
|a 94(100)"1939/1945"
|2 MRF
|
| 080 |
|
|
|a 82:7.04
|2 MRF
|
| 080 |
|
|
|a (043.3)
|2 MRF
|
| 100 |
1 |
|
|a Piontek, Sławomir
|7 mzk2008479744
|4 aut
|
| 245 |
1 |
0 |
|a Erben des Feuers :
|b Krieg, Nationalsozialismus und Identitätsfrage in den Nachkriegsromanen der österreichischen "jungen Generation" /
|c Sławomir Piontek
|
| 250 |
|
|
|a Wyd. 1.
|
| 260 |
|
|
|a Poznań :
|b Wydawnictwo Naukowe UAM,
|c 2008
|
| 300 |
|
|
|a 345 s. ;
|c 24 cm
|
| 490 |
1 |
|
|a Filologia germańska,
|x 0554-8152 ;
|v nr. 51
|
| 500 |
|
|
|a Nad názvem: Uniwersytet im. Adama Mickiewicza w Poznaniu
|
| 500 |
|
|
|a 300 výt.
|
| 504 |
|
|
|a Obsahuje bibliografii, bibliografické odkazy a rejstřík
|
| 546 |
|
|
|a Anglické a polské resumé
|
| 541 |
|
|
|a Poznań, Biblioteka uniwersytecka
|
| 648 |
|
7 |
|a 20. století
|7 ch460558
|2 czenas
|
| 650 |
0 |
7 |
|a rakouská literatura
|7 ph125011
|y 20. stol.
|2 czenas
|
| 650 |
0 |
7 |
|a nacismus
|7 ph115411
|2 czenas
|
| 650 |
0 |
7 |
|a druhá světová válka, 1939-1945
|7 ph117270
|2 czenas
|
| 650 |
0 |
7 |
|a literární náměty
|7 ph138213
|2 czenas
|
| 655 |
|
7 |
|a disertace
|7 fd132024
|2 czenas
|
| 710 |
2 |
|
|a Uniwersytet im. Adama Mickiewicza w Poznaniu
|7 kn20010710054
|
| 810 |
2 |
|
|a Uniwersytet im. Adama Mickiewicza w Poznaniu.
|t Filologia germańska
|
| 910 |
2 |
|
|a BOA001
|b 2-1214.258
|
| 990 |
|
|
|a BK
|
| 991 |
|
|
|b 200811
|c NOV
|
| 996 |
7 |
|
|b 2610359981
|c 2-1214.258
|l MZK
|r Sklad / do 1 hodiny
|n 2
|p vým.
|w 000921645
|u 000010
|a 1
|e BOA001
|j MZK50
|s A
|